000 00709nam a22002537a 4500
003 UA-OsUOA
001 30483
007 ta
008 20041110b un ||||| |||| 00| 0 ukr d
100 _aПесис Б.
090 _a82.09(44)
_bП28
942 _cBK
040 _aUA-OsUOA
_brus
_cUA-OsUOA
_dUA-OsUOA
245 _aОт XIX к XX веку. Традиция и новаторство во французкой литературе
300 _a359 с.
_bІлюстрації
955 _a0
041 _arus
080 _a82.09(44)
260 _aМосква
_bСоветский писатель
_c1979
044 _aRU
250 _n2-е изд., доп.
650 7 _2UDC
999 _c316895
_d316895